Estrategia para la educación en la convivencia como aprendizaje básico para la vida en la formación de profesores

Plantea una estrategia para la educación en la convivencia como aprendizaje básico para la vida en la formación de profesores.

Spremljeno u:
Bibliografski detalji
Glavni autor: Fundora Pedroso, Yusmely
Autor kompanije: e-libro, Corp
Daljnji autori: Baró Baró, Wildo Andrés (Redatelj), Recio Molina, Pedro Pablo (Redatelj)
Format: e-knjiga
Jezik:španjolski
Izdano: La Habana : Universidad de Ciencias Pedagógicas "Enrique José Varona", 2012.
Teme:
Online pristup:https://elibro.unach.elogim.com/es/lc/unach/titulos/86173
Oznake: Dodaj oznaku
Bez oznaka, Budi prvi tko označuje ovaj zapis!

MARC

LEADER 00000nam a2200000 a 4500
001 ELB86173
003 FlNmELB
006 m o d |
007 cr cn|||||||||
008 201201r2012 cu |||||s|||||||||||spa d
024 8 |z 71210125810 
035 |a (MiAaPQ)EBC3203964 
035 |a (Au-PeEL)EBL3203964 
035 |a (CaPaEBR)ebr10625113 
035 |a (OCoLC)929394730 
040 |a FlNmELB  |b spa  |c FlNmELB 
050 4 |a LB2300  |b F9817 2012 
080 |a 378 
082 0 4 |a 378  |2 22 
100 1 |a Fundora Pedroso, Yusmely. 
245 1 0 |a Estrategia para la educación en la convivencia como aprendizaje básico para la vida en la formación de profesores  |h [recurso electronico]  |c Yusmely Fundora Pedroso. 
260 |a La Habana :  |b Universidad de Ciencias Pedagógicas "Enrique José Varona",  |c 2012. 
300 |a 218 p. 
500 |a Tesis (doctorado)- Universidad de Ciencias Pedagógicas "Enrique José Varona". 
520 |a Plantea una estrategia para la educación en la convivencia como aprendizaje básico para la vida en la formación de profesores. 
533 |a Recurso electrónico. Santa Fe, Arg.: e-libro, 2015. Disponible vía World Wide Web. El acceso puede estar limitado para las bibliotecas afiliadas a e-libro. 
650 4 |a Education.  |x General. 
650 4 |a Educación.  |x General. 
655 4 |a Libros electrónicos. 
700 1 |a Baró Baró, Wildo Andrés.  |4 drt 
700 1 |a Recio Molina, Pedro Pablo.  |4 drt 
710 2 |a e-libro, Corp. 
856 4 0 |u https://elibro.unach.elogim.com/es/lc/unach/titulos/86173